000 00316nam a22001337a 4500
008 170706b xxu||||| |||| 00| 0 eng d
020 _a9780321027399
041 _aeng
080 _a821.18
100 _a22
101 _aGJL
245 _aTHE HARPER SINGLE VOLUME AMERICAN LITERATURE
_cBOUWAN, H
942 _2udc
_cBK
999 _c19986
_d19986